Using narrative in social research : qualitative and quantitative approaches
Αποθηκεύτηκε σε:
| Κύριος συγγραφέας: | |
|---|---|
| Μορφή: | Βιβλίο |
| Γλώσσα: | English |
| Δημοσίευση: |
London :
Sage Publications,
c2005.
|
| Θέματα: | |
| Ετικέτες: |
Προσθήκη ετικέτας
Δεν υπάρχουν, Καταχωρήστε ετικέτα πρώτοι!
|
MARC
| LEADER | 00000cam a2200000 i 4500 | ||
|---|---|---|---|
| 001 | 1/56270 | ||
| 008 | 070927s2005 enk| ||| |||| ||eng|| | ||
| 020 | |a 9781412900416 |q (χαρτόδετο) | ||
| 020 | |a 1412900417 |q (χαρτόδετο) | ||
| 035 | |l 10091094 | ||
| 040 | |a GR-MyUa |b gre |e AACR2 | ||
| 041 | 0 | |a eng | |
| 082 | 7 | |a 300.72 |2 (22) | |
| 100 | 1 | |a Elliott, Jane |q (Barbara Jane) | |
| 245 | 1 | 0 | |a Using narrative in social research : |b qualitative and quantitative approaches / |c Jane Elliott. |
| 260 | |a London : |b Sage Publications, |c c2005. | ||
| 300 | |a x, 220 σ. ; |c 25 εκ. | ||
| 504 | |a Βιβλιογραφία: σ. [205]-216. Ευρετήριο. | ||
| 650 | 0 | 0 | |a Social sciences |x Research. |
| 650 | 0 | 0 | |a Narration (Rhetoric) |
| 650 | 0 | 0 | |a Discourse analysis, Narrative. |
| 852 | |a INST |b SYROS |e 20070927 |h 300.72 ELL |p 005500007105 |q 005500007105 |t BK |y 0 | ||
| 901 | |a BIBL5-2007-3 | ||
| 922 | |a 5ΕΛΗ |b 200707 |c ΕΠΕΑΕΚ2/ΤΜΣΠΣ |d ΕΛΕΥΘΕΡΟΥΔΑΚΗΣ | ||
| 970 | |a Καγιαβά |b Ειρήνη |z 29/07/2007 | ||